<?xml version="1.0" encoding="UTF-8"?>
<collection xmlns="http://www.loc.gov/MARC21/slim">
 <record>
  <leader>06319nam a2200421 a 4500</leader>
  <controlfield tag="001">kal134</controlfield>
  <controlfield tag="003">Gr-AtHEAL</controlfield>
  <controlfield tag="005">20160422091757.0</controlfield>
  <controlfield tag="006">m        d        </controlfield>
  <controlfield tag="008">160413s2015    gr      s           gre|c</controlfield>
  <datafield tag="020" ind1=" " ind2=" ">
   <subfield code="a">9789606030161</subfield>
  </datafield>
  <datafield tag="040" ind1=" " ind2=" ">
   <subfield code="a">GR-AtHEAL</subfield>
   <subfield code="b">gre</subfield>
   <subfield code="c">GR-AtHEAL</subfield>
  </datafield>
  <datafield tag="082" ind1="0" ind2="4">
   <subfield code="a">516.36</subfield>
   <subfield code="2">23</subfield>
  </datafield>
  <datafield tag="100" ind1="1" ind2=" ">
   <subfield code="a">Αρβανιτογεώργος, Ανδρέας.</subfield>
   <subfield code="8">764</subfield>
  </datafield>
  <datafield tag="245" ind1="1" ind2="0">
   <subfield code="a">Στοιχειώδης διαφορική γεωμετρία</subfield>
   <subfield code="h">[Ηλεκτρονικός πόρος] </subfield>
   <subfield code="c">Αρβανιτογεώργος, Ανδρέας ; Κριτικός αναγνώστης,Παπαντωνίου, Βασίλης ; Γλωσσική επιμέλεια,Γυφτοπούλου, Ουρανία.</subfield>
  </datafield>
  <datafield tag="260" ind1=" " ind2=" ">
   <subfield code="a">Αθήνα :</subfield>
   <subfield code="b">Σύνδεσμος Ελληνικών Ακαδημαϊκών Βιβλιοθηκών,</subfield>
   <subfield code="c">c2015.</subfield>
  </datafield>
  <datafield tag="490" ind1=" " ind2=" ">
   <subfield code="a">Ακαδημαϊκά Ηλεκτρονικά Συγγράμματα και Βοηθήματα Κάλλιπος</subfield>
   <subfield code="8">40</subfield>
  </datafield>
  <datafield tag="505" ind1="0" ind2=" ">
   <subfield code="a">ΠρόλογοςΕισαγωγή1 Καμπύλες στο επίπεδο και στον χώρο&lt;br/&gt;Καμπύλες στο επίπεδο R^2Εφαπτομένη καμπύληςΚαμπύλες στον χώρο R^3Εξωτερικό και μικτό γινόμενοΛυμένα παραδείγματαΑσκήσεις2 Κανονικές επιφάνειεςΛείες απεικονίσειςΛυμένα παραδείγματαΑσκήσεις3 Ο εφαπτόμενος χώροςΤο διαφορικό μιας διαφορίσιμης απεικόνισηςΛυμένα παραδείγματαΑσκήσεις4 Η πρώτη θεμελιώδης μορφήΛυμένα παραδείγματαΑσκήσεις5 Η απεικόνιση Gauss και καμπυλότηταΠαράλληλες επιφάνειεςΛυμένα παραδείγματαΑσκήσεις6 Το Θαυμαστό ΘεώρημαΛυμένα παραδείγματαΑσκήσεις7 Οι εξισώσεις Codazzi και GaussΛυμένα παραδείγματαΑσκήσεις8 Συναλλοίωτη παράγωγος και παραλληλίαΑσκήσεις9 Γεωδαισιακές καμπύλεςΓεωδαισιακή καμπυλότηταΤο Θεώρημα ClairautΓεωδαισιακές μέσω λογισμού μεταβολώνΗ εκθετική απεικόνιση&lt;br/&gt;Λυμένα παραδείγματαΑσκήσεις10 Το Θεώρημα Gauss-BonnetΛυμένα παραδείγματαΑσκήσεις11 Επιφάνειες σταθερής καμπυλότητας GaussΚλειστές επιφάνειες σταθερής καμπυλότητας GaussΕπιφάνειες με θετική καμπυλότητα GaussΕπιφάνειες με μηδενική καμπυλότητα GaussΕπιφάνειες με αρνητική καμπυλότητα GaussΜη κλειστές επιφάνειες σταθερής καμπυλότητας GaussΑσκήσεις</subfield>
  </datafield>
  <datafield tag="520" ind1=" " ind2=" ">
   <subfield code="a">Το βιβλίο απευθύνεται σε προπτυχιακούς φοιτητές και αναφέρεται στην κλασική διαφορική γεωμετρία καμπυλών και επιφανειών, δηλαδή την διαφορική γεωμετρία &quot;κατά Gauss&quot;. Θα είναι γραμμένο με τρόπο ώστε με κατάλληλη έμφαση σε διάφορα θέματα από τον διδάσκοντα, να μπορει να καλυφθεί σε ένα εξαμηνιαίο μάθημα.Πολύ συνοπτικά το περιεχόμενο του βιβλίου θα είναι το εξής:Θα περιγράφονται η καμπυλότητα και η στρέψη καμπυλών και στη συνέχεια θα παρουσιάζεται η θεωρία των κανονικών επιφανειών στον Ευκλείδειο χώρο R^3. Θα χρησιμοποιείται με ήπιο τρόπο η ορολογία των χαρτών, ώστε να προετοιμάζεται ο αναγνώστης για την σύγχρονη διαφορική γεωμετρία. Στη συνέχεια, θα ορίζεται ο τελεστής σχήματος, η καμπυλότητα Gauss και η μέση καμπυλότητα μιας κανονικής επιφάνειας. Η προσέγγιση θα χρησιμοποιεί βασή γραμμική άλγεβρα.Θα συζητηθεί το λεπτό θέμα της συναλλοίωτης παραγώγου και της παραλληλίας καθώς και των γεωδαισιακών καμπυλών. Τέλος, θα γίνει μια σύντομη παρουσίαση στις επιφάνειες ελάχιστης έκτασης μέσω λογισμού των μεταβολών, καθώς και παρουσίαση της σύνδεσης γεωμετρίας και τοπολογίας μέσω του θεωρήματος Gauss-Bonnet.</subfield>
  </datafield>
  <datafield tag="650" ind1=" " ind2="0">
   <subfield code="a">Geometry, Differential</subfield>
   <subfield code="8">2203</subfield>
  </datafield>
  <datafield tag="653" ind1=" " ind2=" ">
   <subfield code="a">Επιφάνειες σταθερής καμπυλότητας Γκάους</subfield>
  </datafield>
  <datafield tag="653" ind1=" " ind2=" ">
   <subfield code="a">Γεωδαισιακή καμπύλη</subfield>
  </datafield>
  <datafield tag="653" ind1=" " ind2=" ">
   <subfield code="a">Το θεώρημα των Γκάους-Μπονέ</subfield>
  </datafield>
  <datafield tag="653" ind1=" " ind2=" ">
   <subfield code="a">Επιφάνεια ελάχιστης έκτασης</subfield>
  </datafield>
  <datafield tag="653" ind1=" " ind2=" ">
   <subfield code="a">Συναλλοίωτη παράγωγος</subfield>
  </datafield>
  <datafield tag="653" ind1=" " ind2=" ">
   <subfield code="a">Το θαυμαστό θεώρημα</subfield>
  </datafield>
  <datafield tag="653" ind1=" " ind2=" ">
   <subfield code="a">Καμπυλότητα Γκάους</subfield>
  </datafield>
  <datafield tag="653" ind1=" " ind2=" ">
   <subfield code="a">Απεικόνιση Γκάους</subfield>
  </datafield>
  <datafield tag="653" ind1=" " ind2=" ">
   <subfield code="a">Καμπυλότητα</subfield>
  </datafield>
  <datafield tag="653" ind1=" " ind2=" ">
   <subfield code="a">Επιφάνεια</subfield>
  </datafield>
  <datafield tag="653" ind1=" " ind2=" ">
   <subfield code="a">Καμπύλη</subfield>
  </datafield>
  <datafield tag="653" ind1=" " ind2=" ">
   <subfield code="a">Μαθθηματικά </subfield>
   <subfield code="a">Διαφορική Γεωμετρία</subfield>
   <subfield code="a">Κλασική διαφορική γεωμετρία</subfield>
  </datafield>
  <datafield tag="700" ind1="1" ind2=" ">
   <subfield code="a">Παπαντωνίου, Βασίλης</subfield>
   <subfield code="e">Κριτικός αναγνώστης</subfield>
   <subfield code="8">765</subfield>
  </datafield>
  <datafield tag="856" ind1="4" ind2="0">
   <subfield code="u">http://hdl.handle.net/11419/134</subfield>
   <subfield code="z">Πλήρες Κείμενο - Full text</subfield>
  </datafield>
  <datafield tag="907" ind1=" " ind2=" ">
   <subfield code="a">.b25679144</subfield>
   <subfield code="b">12-06-18</subfield>
   <subfield code="c">29-07-16</subfield>
  </datafield>
  <datafield tag="949" ind1=" " ind2=" ">
   <subfield code="0">0</subfield>
   <subfield code="1">0</subfield>
   <subfield code="2">ddc</subfield>
   <subfield code="4">0</subfield>
   <subfield code="6">516_360000000000000_ΑΡΒ</subfield>
   <subfield code="7">0</subfield>
   <subfield code="8">KALL</subfield>
   <subfield code="8">673</subfield>
   <subfield code="d">2016-04-13</subfield>
   <subfield code="r">2016-04-13</subfield>
   <subfield code="w">2016-04-13</subfield>
   <subfield code="z">516.36 ΑΡΒ</subfield>
   <subfield code="o">SEAB KALLIPOS</subfield>
  </datafield>
  <datafield tag="998" ind1=" " ind2=" ">
   <subfield code="a">80</subfield>
   <subfield code="a">01</subfield>
   <subfield code="a">02</subfield>
   <subfield code="a">03</subfield>
   <subfield code="a">04</subfield>
   <subfield code="a">05</subfield>
   <subfield code="a">06</subfield>
   <subfield code="a">07</subfield>
   <subfield code="a">08</subfield>
   <subfield code="a">09</subfield>
   <subfield code="a">10</subfield>
   <subfield code="a">11</subfield>
   <subfield code="a">12</subfield>
   <subfield code="a">13</subfield>
   <subfield code="a">14</subfield>
   <subfield code="a">15</subfield>
   <subfield code="a">16</subfield>
   <subfield code="a">17</subfield>
   <subfield code="a">18</subfield>
   <subfield code="a">19</subfield>
   <subfield code="a">20</subfield>
   <subfield code="a">21</subfield>
   <subfield code="a">22</subfield>
   <subfield code="a">23</subfield>
   <subfield code="a">24</subfield>
   <subfield code="a">25</subfield>
   <subfield code="a">26</subfield>
   <subfield code="b">16-05-17</subfield>
   <subfield code="c">m</subfield>
   <subfield code="d">z  </subfield>
   <subfield code="e">-</subfield>
   <subfield code="f">gre</subfield>
   <subfield code="g">gr </subfield>
   <subfield code="h">0</subfield>
  </datafield>
  <datafield tag="942" ind1=" " ind2=" ">
   <subfield code="2">ddc</subfield>
   <subfield code="c">KALLIPOS</subfield>
  </datafield>
 </record>
</collection>
